000 00731nam a22002057a 4500
005 20251030142935.0
008 251029b |||||||| |||| 00| 0 eng d
020 _a9786214271887
082 _aDFil 337 Ar43 2024
100 _aAriola, Mariano M.
_95368
245 _aThe contemporary world /
_cMariano M. Ariano and Minsoware S. Bacolod.
260 _aQuezon City :
_bUnlimited Books Library Services & Publishing Inc.,
_c©2024.
300 _ax, 131 pages :
_billustrations ;
_c21 cm.
500 _aIncludes references and appendices.
650 0 _aHistory, Modern.
_969069
650 0 _aWorld history.
_969070
650 0 _aGlobalization.
_969071
700 _aBacolod, Minsoware S.
_eauthor.
_950111
942 _2ddc
_cDFIL
999 _c24111
_d24111